| 000 | 00534nam a22001697a 4500 | ||
|---|---|---|---|
| 003 | NUST - PNEC | ||
| 005 | 20170116181152.0 | ||
| 008 | 151206b xxu||||| |||| 00| 0 eng d | ||
| 020 | _a- | ||
| 040 | _cLIBRARY | ||
| 082 | _a629.246 PLA | ||
| 100 |
_915595 _aPlatt, Maurice |
||
| 245 |
_a Automobile brakes and brake testing: deals with braking principles and the construction, maintenance, and testing of braking systems. _cMaurice Platt, |
||
| 260 | _cc1968. | ||
| 650 |
_915596 _aAutomobiles--Brakes _xME-EE |
||
| 942 |
_2ddc _cBK |
||
| 999 |
_c71038 _d71038 |
||